Porque escribí : antología poética /
Zapisane w:
| 1. autor: | |
|---|---|
| Kolejni autorzy: | |
| Format: | Nieznany |
| Język: | Spanish |
| Wydane: |
Chile :
Fondo de Cultura Económica,
1995.
|
| Wydanie: | 1. edición |
| Seria: | (Tierra firme)
|
| Hasła przedmiotowe: | |
| Etykiety: |
Dodaj etykietę
Nie ma etykietki, Dołącz pierwszą etykiete!
|
MARC
| LEADER | 000000000a22000000004500 | ||
|---|---|---|---|
| 001 | 003332 | ||
| 020 | |a 9567083347 | ||
| 041 | 0 | |a spa | |
| 082 | 0 | 4 | |a Ch861.4 |b L727pr |
| 100 | 1 | |a Lihn, Enrique, |d 1929-1988 | |
| 245 | 1 | 0 | |a Porque escribí : |b antología poética / |c Enrique Lihn ; Eduardo Llanos Melussa, prólogo. |
| 250 | |a 1. edición | ||
| 260 | 1 | |a Chile : |b Fondo de Cultura Económica, |c 1995. | |
| 300 | |a 346 páginas | ||
| 490 | 1 | |a (Tierra firme) | |
| 500 | |a Colección George Yudice | ||
| 650 | 4 | |a LITERATURA CHILENA | |
| 650 | 4 | |a POESIA | |
| 700 | 1 | |a Llanos Melussa, Eduardo, |e prólogo | |
| 999 | |c 9576 |d 9576 | ||
| 942 | |c BK |h Ch861.4 L727pr |2 z | ||



